000 00487nam a2200157 i 4500
001 24286
003 ES-MaACL
005 20230906153024.0
007 t|
008 021217s1970 sp ||||1| spa d
100 1 _aAnabitarte, Agustín.
_921361
245 1 0 _aManual del Patrón de Embarcaciones Deportivas a Vela /
_cAgustín Anabitarte.
260 _aSan Sebastián :
_bEd. Donostiarra,
_c[1970]
300 _a212 p., 2 lám. :
_bil. ;
_c22 cm.
852 _aES-MaACL
_jC-45128
_bR.73974
999 _c24286
_d24286